Díjazták a tehetséges egyetemistákat
Elmentve itt :
| Szerző: | |
|---|---|
| További közreműködők: | |
| Dokumentumtípus: | Cikk |
| Megjelent: |
2024-06-19
|
| Sorozat: | Délmagyarország
114 No. 141 |
| Kulcsszavak: | Egyetemi hallgatók, Tehetséggondozás, Szegedi Tehetséggondozó Tanács, Badó Attila - elnök, Talent ösztöndíj, Kiválósági Lista, Vállalati ösztöndíjak, Év Tehetsége - Páli Emese Kincső - Varga Benedek - Nagy Kinga, Év Művésze - Tóth Jonathan, Év Sportolója - Bíró Hanna, Év Hallgatója - Paskuj Benjámin, Együttműködés - Szeged Megyei Jogú Város Önkormányzata, Együttműködés - partnercégek, Díjátadás, József Attila Tanulmányi és Információs Központ - TIK |
| Online Access: | http://univ.bibl.u-szeged.hu/70713 |
| LEADER | 01193nab a2200205 i 4500 | ||
|---|---|---|---|
| 001 | univ70713 | ||
| 005 | 20240619113132.0 | ||
| 008 | 240619s2024 hu o 000 hun d | ||
| 040 | |a SZTE UnivHistória Repozitórium |b hun | ||
| 041 | |a hun | ||
| 100 | 1 | |a Koós Kata | |
| 245 | 1 | 0 | |a Díjazták a tehetséges egyetemistákat |h [elektronikus dokumentum] / |c Koós Kata |
| 260 | |c 2024-06-19 | ||
| 300 | |a 2 | ||
| 490 | 0 | |a Délmagyarország |v 114 No. 141 | |
| 561 | |a Egyetemi hirarchívum | ||
| 695 | |a Egyetemi hallgatók, Tehetséggondozás, Szegedi Tehetséggondozó Tanács, Badó Attila - elnök, Talent ösztöndíj, Kiválósági Lista, Vállalati ösztöndíjak, Év Tehetsége - Páli Emese Kincső - Varga Benedek - Nagy Kinga, Év Művésze - Tóth Jonathan, Év Sportolója - Bíró Hanna, Év Hallgatója - Paskuj Benjámin, Együttműködés - Szeged Megyei Jogú Város Önkormányzata, Együttműködés - partnercégek, Díjátadás, József Attila Tanulmányi és Információs Központ - TIK | ||
| 700 | 0 | 1 | |a Karnok Csaba |
| 856 | 4 | 0 | |u http://univ.bibl.u-szeged.hu/70713/1/14339165.pdf |z Dokumentum-elérés |
| 856 | 4 | 0 | |u http://univ.bibl.u-szeged.hu/70713/2/imedias3.com.pdf |z Dokumentum-elérés |